[Event "Preinscritos IRT Online"]
[Site "Chess.com INT"]
[Date "2020.12.26"]
[Round "10"]
[White "Carrera Marmolejo, Alfonso Rodrigo"]
[Black "Pianchiche Acero, Miyamu Nillu"]
[Result "1/2-1/2"]
[WhiteElo "1092"]
[BlackElo "1950"]
[PlyCount "166"]
[EventDate "2020.12.26"]
[EventType "swiss"]
[EventRounds "11"]
[EventCountry "ECU"]
[SourceTitle "CBM 200 Extra"]
[Source "ChessBase"]
[SourceDate "2021.03.31"]
[SourceVersion "1"]
[SourceVersionDate "2021.03.31"]
[SourceQuality "1"]

1. e4 c6 2. d4 d5 3. f3 dxe4 4. fxe4 e5 5. Nf3 Bg4 6. dxe5 Qxd1+ 7. Kxd1 Nd7 8. Bf4 0-0-0 9. Nbd2 Bb4 10. c3 Bc5 11. Be2 Ne7 12. h3 Bxf3 13. gxf3 Ng6 14. Bg5 Ndxe5 15. Bxd8 Rxd8 16. Kc2 Nf4 17. Rae1 Bf2 18. Ref1 Be3 19. Nc4 Nxe2 20. Nxe3 Ng3 21. f4 Ng6 22. f5 Ne5 23. Rhg1 Nxf1 24. Nxf1 g6 25. Ne3 Nf3 26. Rg3 Ne1+ 27. Kb3 Nd3 28. Rf3 Nc5+ 29. Kc2 Nxe4 30. fxg6 fxg6 31. Rf7 Rd7 32. Rf8+ Kc7 33. Ng4 a5 34. Re8 Ng5 35. h4 Nf3 36. Nf6 Rf7 37. Ne4 Nxh4 38. Nc5 Nf5 39. Kb3 Re7 40. Rf8 b5 41. Na6+ Kb6 42. Nb8 a4+ 43. Kc2 c5 44. Rd8 Ne3+ 45. Kd3 Nc4 46. b3 axb3 47. axb3 Ne5+ 48. Kc2 Nc6 49. Nxc6 Kxc6 50. Rh8 b4 51. cxb4 cxb4 52. Rb8 Kc5 53. Rc8+ Kd4 54. Rc4+ Kd5 55. Rxb4 h5 56. Kc3 Rc7+ 57. Kd3 Rc6 58. Rb5+ Ke6 59. b4 Kf6 60. Rb8 Kg5 61. b5 Rc1 62. Kd2 Rb1 63. Kc2 Rb4 64. Kc3 Rb1 65. Kc2 Rf1 66. b6 Rf4 67. Kc3 Rf1 68. b7 Rb1 69. Kc2 Rb5 70. Kd3 Kg4 71. Rg8 g5 72. b8Q Rxb8 73. Rxb8 Kg3 74. Ke4 g4 75. Rg8 h4 76. Kf5 h3 77. Rxg4+ Kh2 78. Kf4 Kh1 79. Kf3 h2 80. Rh4 Kg1 81. Rg4+ Kh1 82. Rh4 Kg1 83. Rg4+ Kh1 1/2-1/2

[Event "Preinscritos IRT Online"]
[Site "Chess.com INT"]
[Date "2020.12.26"]
[Round "8"]
[White "Carrera Marmolejo, Alfonso Rodrigo"]
[Black "Quizhpe Vaca, Diego Andres"]
[Result "1-0"]
[WhiteElo "1092"]
[BlackElo "1984"]
[PlyCount "95"]
[EventDate "2020.12.26"]
[EventType "swiss"]
[EventRounds "11"]
[EventCountry "ECU"]
[SourceTitle "CBM 200 Extra"]
[Source "ChessBase"]
[SourceDate "2021.03.31"]
[SourceVersion "1"]
[SourceVersionDate "2021.03.31"]
[SourceQuality "1"]

1. e4 Nf6 2. Nc3 e5 3. Nf3 Bb4 4. Bc4 0-0 5. 0-0 d6 6. d3 Bxc3 7. bxc3 h6 8. h3 Nc6 9. Re1 Na5 10. Bb5 c6 11. Ba4 b5 12. Bb3 Be6 13. Bxe6 fxe6 14. d4 exd4 15. Nxd4 Qe7 16. a4 a6 17. axb5 axb5 18. Rxa5 Rxa5 19. Nxc6 Qc7 20. Nxa5 Qxa5 21. Qxd6 Qxc3 22. Qxe6+ Kh8 23. Rd1 Qxc2 24. Qd6 Rc8 25. Bxh6 Nxe4 26. Bxg7+ Kxg7 27. Qe5+ Kg8 28. Rd7 Qxf2+ 29. Kh2 Qg3+ 30. Qxg3+ Nxg3 31. Kxg3 Rb8 32. Rd3 b4 33. Rb3 Kf7 34. h4 Ke6 35. h5 Kd5 36. Kh4 Kc4 37. Rb1 b3 38. g4 b2 39. h6 Kc3 40. Kh5 Kc2 41. Rxb2+ Kxb2 42. h7 Kc3 43. g5 Rb1 44. Kh6 Rh1+ 45. Kg7 Kd4 46. h8Q Rxh8 47. Kxh8 Ke5 48. g6 1-0

[Event "Carpuela CupT U20 6th"]
[Site "Carpuela"]
[Date "2015.06.03"]
[Round "4.1"]
[White "Carrera Marmolejo, Alfonso Rodrigo"]
[Black "Ponton Gallardo, Luigi Fernand"]
[Result "1/2-1/2"]
[WhiteElo "1755"]
[BlackElo "1545"]
[PlyCount "54"]
[EventDate "2015.06.01"]
[EventType "team-swiss"]
[EventRounds "7"]
[EventCountry "ECU"]
[SourceTitle "CBM 166 Extra"]
[Source "ChessBase"]
[SourceDate "2015.06.18"]
[SourceVersion "1"]
[SourceVersionDate "2015.06.18"]
[SourceQuality "1"]
[WhiteTeam "Santo Domingo"]
[BlackTeam "Zamora"]
[WhiteTeamCountry "ECU"]
[BlackTeamCountry "ECU"]

1. e4 e5 2. Nf3 Nc6 3. Bb5 a6 4. Ba4 Nf6 5. 0-0 d6 6. Re1 b5 7. Bb3 Be7 8. c3 0-0 9. h3 Na5 10. Bc2 c5 11. d4 exd4 12. cxd4 Bb7 13. Nbd2 cxd4 14. Nxd4 Nc6 15. N2f3 Re8 16. Bg5 Nxd4 17. Qxd4 h6 18. Bh4 g5 19. Bg3 Nh5 20. Bh2 Bf6 21. Qd3 Be5 22. Rad1 Qf6 23. Nxe5 dxe5 24. Qd7 Re7 25. Qd6 Rc8 26. Bb3 Kg7 27. Qb4 Nf4 1/2-1/2